This or That Blitz: Simpsons or Family Guy Quiz Stats

 Plays Quiz Updated Sep 12, 2017

Score 0/30 Timer 01:00
1 Play Today
Character Simpsons or Family Guy % Correct
Lisa Simpson???
91.9%
Homer Simpson???
91.9%
Bart Simpson???
91.8%
Marge Simpson???
91.7%
Maggie Simpson???
91.7%
Krusty the Clown???
91.5%
Montgomery Burns???
90.6%
Ned Flanders???
90.5%
Milhouse Van Houten???
90.4%
Brian Griffin???
90.3%
Peter Griffin???
90.2%
Chris Griffin???
90%
Apu Nahasapeemapetilon???
90%
Lois Griffin???
89.8%
Moe Szyslak???
89.8%
Character Simpsons or Family Guy % Correct
Meg Griffin???
89.8%
Stewie Griffin???
89.7%
Seymour Skinner???
89.2%
Waylon Smithers???
89.1%
Cleveland Brown???
88.2%
Glenn Quagmire???
87.8%
Joe Swanson???
87.4%
Edna Krabappel???
87.4%
Bonnie Swanson???
86.6%
Barney Gumble???
86.2%
Tom Tucker???
86%
Loretta Brown???
85.6%
Tricia Takanawa???
83.4%
Mayor Adam West???
82.5%
Mort Goldman???
78.1%

You're not logged in!

Compare scores with friends on all Sporcle quizzes.
OR
Log In

You Might Also Like...

Show Comments

Extras

Top Quizzes Today


Score Distribution

Your Account Isn't Verified!

In order to create a playlist on Sporcle, you need to verify the email address you used during registration. Go to your Sporcle Settings to finish the process.

Report this User

Report this user for behavior that violates our Community Guidelines.

Details: